书目信息 |
| 题名: |
桥梁施工违规纠正手册
|
|
| 作者: | 苏权科 , 张文忠 主编 | |
| 分册: | ||
| 出版信息: | 北京 人民交通出版社 2004.05 |
|
| 页数: | 271页 | |
| 开本: | 26cm | |
| 丛书名: | 实用桥梁工程系列手册 | |
| 单 册: | ||
| 中图分类: | U445.1-62 | |
| 科图分类: | ||
| 主题词: | 桥梁工程--工程施工--安全管理--手册 | |
| 电子资源: | ||
| ISBN: | 7-114-05002-X | |
| 000 | 00956nam 2200265 450 | |
| 001 | 010556809451 | |
| 005 | 20051125154736.15 | |
| 010 | @a7-114-05002-X@b精装@dCNY45.00 | |
| 100 | @a20051125d2004 km y0chiy0120 ea | |
| 101 | 0 | @achi |
| 102 | @aCN@b110000 | |
| 105 | @aa a 000yy | |
| 200 | 1 | @a桥梁施工违规纠正手册@Aqiao liang shi gong wei gui jiu zheng shou ce@f苏权科, 张文忠主编@Fsu quan ke,zhang wen zhong zhu bian |
| 210 | @a北京@c人民交通出版社@d2004.05 | |
| 215 | @a271页@c图@d26cm | |
| 225 | @a实用桥梁工程系列手册 | |
| 320 | @a有书目 (第267-269页)。 | |
| 330 | @a本书详尽地介绍了桥梁工程施工中常见的违规问题,并分析了这些违规问题所产生的不良后果,以及应采取的措施。 | |
| 410 | 0 | @12001 @a实用桥梁工程系列手册 |
| 606 | 0 | @a桥梁工程@x工程施工@x安全管理@j手册 |
| 690 | @aU445.1-62@v4 | |
| 701 | 0 | @a苏权科@Asu quan ke@4主编 |
| 701 | 0 | @a张文忠@Azhang wen zhong@4主编 |
| 801 | 0 | @aCN@bQSSK@c20051125 |
| 905 | @a10447@dU445.1-62@eS851 | |
| 桥梁施工违规纠正手册/苏权科, 张文忠主编.-北京:人民交通出版社,2004.05 |
| 271页:图;26cm.-(实用桥梁工程系列手册) |
| ISBN 7-114-05002-X(精装):CNY45.00 |
| 本书详尽地介绍了桥梁工程施工中常见的违规问题,并分析了这些违规问题所产生的不良后果,以及应采取的措施。 |
| ● |
| 相关链接 |
|
|
|
正题名:桥梁施工违规纠正手册
索取号:U445.1-62/S851
 
预约/预借
| 序号 | 登录号 | 条形码 | 馆藏地/架位号 | 状态 | 备注 |
| 1 | 578713 | 205787139 | 自科库501/501自科库 54排3列1层/ [索取号:U445.1-62/S851] | 在馆 | |
| 2 | 578714 | 205787148 | 自科库501/501自科库 54排3列1层/ [索取号:U445.1-62/S851] | 在馆 | |
| 3 | 578715 | 205787157 | 自科库501/501自科库 54排3列1层/ [索取号:U445.1-62/S851] | 在馆 |